000 00371nam 22001573 4500
001 202448
090 _a202448
100 _a20260605d u||y0pory50 ba
200 _aCelebration (CD áudio)
_fIan Lynn
210 _cEMI Records
_d1985
215 _c1 cd áudio
606 _91103
_aMúsica
675 _a78
700 _917454
_aLynn
_bIan
801 _aPT
_bBMMN
_gRPC
990 _cCD MUSICA